Pensar la Historia: modernidad, presente, progreso

Saved in:
Bibliografiske detaljer
Hovedforfatter: Le Goff, Jacques (Author)
Format: Bog
Sprog:spansk
Udgivet: Barcelona Paidós 1991
Udgivelse:1a. ed
Serier:Paidós Básica, 50
Fag:
Tags: Tilføj Tag
Ingen Tags, Vær først til at tagge denne postø!

MARC

LEADER 00000cam a2200000 a 4500
001 UCD6608
003 CL-VaPUC
008 161230e19910000sp |||||||||||||||||spa|d
020 |a 8475096700 
082 0 4 |a 907.2  |b LEG  |2 21 
100 |a Le Goff, Jacques  |e author  |9 322549 
245 1 0 |a Pensar la Historia: modernidad, presente, progreso 
250 |a 1a. ed 
300 |a 269 p 
942 |c BK 
945 |d 20161230 10:40:00  |a dcastane 
260 |a Barcelona  |b Paidós  |c 1991 
650 0 |a Historiografía   |9 257871 
650 0 |a Crítica e interpretación   |9 255042 
650 0 |a Sociedad  |9 307903 
650 0 |a Modernidad   |9 265371 
583 |a last modification  |c 20161230 10:40:00  |k Rodrigo Vera 
490 0 |a Paidós Básica, 50 
999 |c 366862  |d 366860 
952 |0 0  |1 0  |3 erb  |4 0  |6 907_200000000000000_LEG_1991  |7 0  |8 R  |9 481459  |a BIBGIM  |b BIBGIM  |i 535790K  |o 907.2 LEG 1991  |p 535790K  |r 2025-01-15  |w 2019-11-24  |y BK_R  |z Catalogado en:20161230  |k SSL 
952 |0 0  |1 0  |3 erb  |4 0  |6 907_200000000000000_LEG_1991  |7 0  |8 R  |9 481460  |a BIBGIM  |b BIBGIM  |i 5357918  |l 1  |o 907.2 LEG 1991  |p 5357918  |r 2025-01-15  |s 2022-03-14  |w 2019-11-24  |y BK_R  |z Catalogado en:20161230  |k SSL